| 000 | 00753nam a2200241 a 4500 | ||
|---|---|---|---|
| 001 | BRCA_5440 | ||
| 005 | 20190320205058.0 | ||
| 008 | 141210s1910----gw-a######---#000-0#ger-# | ||
| 041 | _ager | ||
| 044 | _agw | ||
| 050 | 4 |
_aND631 _b.H45 1910 |
|
| 100 | 1 |
_aHeidrich, Ernst _913892 |
|
| 245 | 1 | 0 |
_aAlt-niederländische Malerei _b200 Nachbildungen mitgeschichtlicher einfürungen und erläuterungen _cvon Ernst Heidrich. |
| 260 |
_aJena, Alemania _bEugen Diederichs _c1910 |
||
| 300 |
_a277 p. _bil., _c26 cm. |
||
| 440 | 0 |
_aDie Kunst in Bildern _913893 |
|
| 500 | _aEstado físico: Ecuandernación deteriorada | ||
| 500 | _aE155 | ||
| 650 | 1 | 4 |
_aPintura _zPaíses Bajos _913692 |
| 650 | 1 | 4 |
_aPintores holandeses _913894 |
| 902 | _aGFM | ||
| 942 |
_2lcc _cB |
||
| 999 |
_c5134 _d5134 |
||